000 00962nam a2200229Ii 4500
003 JO-AjNU
008 230605s9999||||xx |||||||||||||| ||und||
017 _a2000/9/2599
020 _a9957-11-156-6
040 _aJO-AjNU
_bara
_erda
_cJO-AjNU
041 _aara
050 1 4 _aQA76.6.H37 2003
100 3 _aالزعبي، محمد بلال وآخرون، م.مشارك احمد الشرايعة، م.مشارك منيب قطيشات، م.مشارك سهير عبدالله فارس، م.مشارك خالدة محمد صايل الزعبي,
_eauthor
_961088
245 0 0 _aمهارات الحاسوب: (الحاسوب والبرمجيات الجاهزة)
250 _aط1
264 3 1 _aعمان:دار وائل للنشر ،2003
300 _a275ص
336 _atext
_btxt
_2rdacontent
337 _aunmediated
_bn
_2rdamedia
338 _avolume
_bnc
_2rdacarrier
650 4 _aالبرمجه(الحاسبات الالكترونية) - برامج
_961089
999 _aA27591
_c31159
_d31159